Obohatenie cereálnych substrátov o kyselinu arachidónovú pomocou Mortierella alpina v procese polosuchých kultivácií

Saved in:
Bibliographic Details
Main Author: Šágyová, Katarína
Format: Software Book
Language:Slovak
Published: Bratislava STU FCHPT 2011
Online Access:View in OPAC
Tags: Add Tag
No Tags, Be the first to tag this record!

MARC

LEADER 00000nam a2200000 a 4500
005 20260127134212.0
007 co ugu
008 110714 2011 xo 000 0 slo d
035 |a vtls010292203 
039 9 |y 201107140805  |z mschk03 
040 |a STUSCHK1  |b slo  |c STUSCHK1  |e AACR2 
100 1 |a Šágyová, Katarína 
245 1 |a Obohatenie cereálnych substrátov o kyselinu arachidónovú pomocou Mortierella alpina v procese polosuchých kultivácií  |c Katarína Šágyová 
260 |a Bratislava  |b STU FCHPT  |c 2011 
300 |a 1 elektronický disk 
500 |a Obháj.: 7.6. 2011 
500 |a Študijný program: biotechnológia 
500 |a Študijný odbor: 5.2.25 biotechnológie 
500 |a Miesto vypracovania: Oddelenie biochemickej technológie, FCHPT 
500 |a Evidenčné číslo: FCHPT-5421-26490 
500 |a Diplomová práca na CD-ROMe 
910 |a SCHK95 
999 |c 6545  |d 6545